000 00739 a2200181 4500
001 122019
020 _a9788510044967
040 _cEscola Canadense de Niteroi
090 _aCAS-P8
100 _aCasasanta, Therezinha
245 1 0 _aPeixinho Dourado vai passear
260 _aSão Paulo
300 _bil.
_c8 x 20.2 x 0.4 cm
362 0 _a2009
520 _aPeixinho Dourado vivia tranquilo com sua família no fundo do mar, mas resolveu um dia arriscar-se a nadar mais longe. Foi parar na praia, onde as crianças o recolheram e o puseram no aquário. Pobre peixinho... Mas tudo volta a ser como antes e Peixinho Dourado agora tem muito a contar sobre suas fantásticas aventuras.
650 4 _aLiteratura Infantil
942 _cBK
999 _c122019
_d122019